000 00848nam a2200217Ii 4500
003 JO-AjNU
008 230605s9999||||xx |||||||||||||| ||und||
017 _a1990/10/649
040 _aJO-AjNU
_bara
_erda
_cJO-AjNU
041 _aara
050 1 4 _aPJ1651.A3332 1990
100 3 _aتاليف جابر صالح،عادل؛م.مشارك نايف أحمد سليمان ,
_eauthor
_97462
245 0 0 _aالمؤتلف:محاضرات في مهارات اللغة العربية(مستوى لغة عربية 100)
250 _aط1
264 3 1 _aعمان: دار القدس للنسر والتوزيع،1990
300 _a132ص
336 _atext
_btxt
_2rdacontent
337 _aunmediated
_bn
_2rdamedia
338 _avolume
_bnc
_2rdacarrier
650 4 _aالعدد-المعاجم-اللغة العربية-مهارات اللغة العربية
_97463
999 _aA291
_c3859
_d3859